ARRUPE JESUIT UNIVERSITY

CORONAVIRUS -STOP THE SPREAD - CLEAN,DISINFECT,COVER

Critical issues in education : (Record no. 130057)

MARC details
000 -LEADER
fixed length control field 01410cam a2200361 a 4500
001 - CONTROL NUMBER
control field 15595947
003 - CONTROL NUMBER IDENTIFIER
control field ARRUPE
005 - DATE AND TIME OF LATEST TRANSACTION
control field 20191118093258.0
008 - FIXED-LENGTH DATA ELEMENTS--GENERAL INFORMATION
fixed length control field 090123s2010 maua b 001 0 eng
010 ## - LIBRARY OF CONGRESS CONTROL NUMBER
LC control number 2009002181
020 ## - INTERNATIONAL STANDARD BOOK NUMBER
International Standard Book Number 9780073378640 (pbk.)
020 ## - INTERNATIONAL STANDARD BOOK NUMBER
International Standard Book Number 007337864X (pbk.)
035 ## - SYSTEM CONTROL NUMBER
System control number (OCoLC)ocn299381497
040 ## - CATALOGING SOURCE
Original cataloging agency DLC
Transcribing agency DLC
Modifying agency CDX
-- SINIE
-- DLC
043 ## - GEOGRAPHIC AREA CODE
Geographic area code n-us---
050 00 - LIBRARY OF CONGRESS CALL NUMBER
Classification number LA217.2
Item number .N45 2010
082 00 - DEWEY DECIMAL CLASSIFICATION NUMBER
Classification number 370.973
Edition number 22
300 ## - PHYSICAL DESCRIPTION
Other physical details ill. ;
Dimensions 24 cm.
100 1# - MAIN ENTRY--PERSONAL NAME
Personal name Nelson, Jack L.
9 (RLIN) 48737
245 10 - TITLE STATEMENT
Title Critical issues in education :
Remainder of title dialogues and dialectics /
Statement of responsibility, etc Jack L. Nelson, Stuart B. Palonsky, Mary Rose McCarthy ; foreword by Nel Noddings.
250 ## - EDITION STATEMENT
Edition statement 7th ed.
260 ## - PUBLICATION, DISTRIBUTION, ETC. (IMPRINT)
Place of publication, distribution, etc Boston, Mass. :
Name of publisher, distributor, etc McGraw Hill Higher Education,
Date of publication, distribution, etc c2010.
300 ## - PHYSICAL DESCRIPTION
Extent xix, 491 p. :
504 ## - BIBLIOGRAPHY, ETC. NOTE
Bibliography, etc Includes bibliographical references and index.
650 #0 - SUBJECT ADDED ENTRY--TOPICAL TERM
Topical term or geographic name as entry element Education
Geographic subdivision United States.
9 (RLIN) 47124
650 #0 - SUBJECT ADDED ENTRY--TOPICAL TERM
Topical term or geographic name as entry element Teaching
Geographic subdivision United States.
9 (RLIN) 48738
650 #0 - SUBJECT ADDED ENTRY--TOPICAL TERM
Topical term or geographic name as entry element Educational evaluation
Geographic subdivision United States.
9 (RLIN) 48739
650 #0 - SUBJECT ADDED ENTRY--TOPICAL TERM
Topical term or geographic name as entry element Critical thinking
Geographic subdivision United States.
9 (RLIN) 48740
700 1# - ADDED ENTRY--PERSONAL NAME
Personal name Palonsky, Stuart B.
9 (RLIN) 48741
700 1# - ADDED ENTRY--PERSONAL NAME
Personal name McCarthy, Mary Rose.
9 (RLIN) 48742
906 ## - LOCAL DATA ELEMENT F, LDF (RLIN)
a 7
b cbc
c orignew
d 1
e ecip
f 20
g y-gencatlg
942 ## - ADDED ENTRY ELEMENTS (KOHA)
Source of classification or shelving scheme Library of Congress Classification
Koha item type Monograph ( Printed materials)
Holdings
Withdrawn status Lost status Source of classification or shelving scheme Damaged status Not for loan Collection code Home library Current library Shelving location Date acquired Total Checkouts Full call number Barcode Date last seen Date checked out Price effective from Koha item type
    Library of Congress Classification     Main Collection ARRUPE LIBRARY ARRUPE LIBRARY Main Collection 18/11/2019 2 LA217.2 .N45 2010 46600005869 26/05/2020 12/03/2020 18/11/2019 Monograph ( Printed materials)

 

Arrupe Library. PO Box MP320 Mt Pleasant, Harare, Zimbabwe
263 242 745411|librarian@aju.ac.zw